000 00432nam a2200145 i 4500
001 65924
003 ES-MaACL
007 t|
008 040123s1968 sp ||||1| spa d
100 1 _aFueyo Laneri, Fernando.
_952979
245 1 0 _aCatálogo sistematizado de conceptos de derecho privado /
_cFernando Fueyo Laneri.
260 _aMadrid :
_bMontecorvo,
_c1968.
300 _a402 p. ;
_c25 cm.
852 _aES-MaACL
_jG-5502
_bR.65427
999 _c65924
_d65924